000 00692nam a2200289Ia 4500
005 20260324125701.0
008 008 260324s9999 xx 000 0 eng d
020 _a9781315703152
037 _aEBOOK
040 _aCRL
040 _beng
040 _cCRL
041 _2eng
041 _aeng
084 _qCRL
100 _aMark W. MacWilliams
_91178914
245 0 _aJapanese Visual Culture
245 0 _bExplorations in the World of Manga and Anime
260 _bTaylor and Francis
260 _c2008
365 _a
365 _b300
856 _uhttp://www.taylorfrancis.com/books/9781315703152
942 _cEBOOK
999 _c1774405
_d1774405